000 00547nam a22002057a 4500
003 OSt
005 20210426065743.0
008 210216s1959 ||||| |||| 00| 0 eng d
040 _aeng
_beng
_cDLC
041 _aeng
080 _a821.111
_bH-15
100 _9476
_aHaggard, William
245 _aVenetian Blind
_c/ by: Cassell
250 _a1st edition
260 _aLondon
_bCassell
_c1959
300 _a187 p.
650 0 _9254
_aEnglish literature
653 _aინგლისური ლიტერატურა
942 _2udc
_cBK
_e1
999 _c1429
_d1429